00253nam a2200097Ia 4500008004000000082001700040100000600057245004300063260004200106300000700148210210b1977 xxu||||| |||| 00| 0 eng d a346.021 WORK a- aWorkmen's compensation act with rules. aAllahabadbAllahabad Law Agencyc1977 a58